Jim and Mary. Book one

Gespeichert in:
Bibliographische Detailangaben
Format: keine Angabe
Sprache:Spanisch
Erschienen: La Paz Bruño 1972
Katalog:MANES:  Suchergebnis im Bibliothekskatalog
Schulbuchspezifische Eigenschaften:
Tags: Tag hinzufügen
Keine Tags, Fügen Sie den ersten Tag hinzu!
Hinzugefügt zu:26.04.2016
Geändert in:20.11.2024

MARC

LEADER 000000000a22000000004500
001 01168
003 OSt
005 20241121020104.0
008 160427s sp ||||| |||| 00| 0 spa d
040 |c centro_manes 
691 7 |a PRI 
245 0 0 |a Jim and Mary. Book one 
260 3 |a La Paz  |b Bruño  |c 1972 
300 |a 63 p.  |c 21x15 cm 
500 |a Bruño de América. Fecha de publicación tomada del Depósito Legal 
690 0 |a LEN 
942 |2 ddc  |c BK 
546 |a España 
999 |c 7142  |d 7142 
999 |c manes:7142  |d 7142